LEADER 00974nam a2200265 i 4500 001 991004381935607536 005 20250529115033.0 008 250529s1953 fr er 001 0 fre d 040 $aBibl. Dip.le Aggr. Studi Umanistici - Sez. Filosofia$bita$cSocioculturale Scs 041 0 $aita 082 04$a199.492$223 100 1 $aSpinoza, Benedictus : de$0290685 240 10$aEthica ordine geometrico demonstrata$917667 245 10$aEthique :$bdémontrée suivant l'ordre géométrique et divisée en cinq parties /$cSpinoza ; traduction nouvelle avec notice et notes par Charles Appuhn 260 $aParis :$bGarnier,$c1953 300 $a2 volumi ;$c19 cm 490 1 $aClassiques Garnier 505 00$gTome 1. -$g432 p. 505 00$gTome 2. -$g258 p. 600 14$aSpinoza, Benedictus : de$xOpere 700 1 $aAppuhn, Charles 830 0$aClassiques Garnier 912 $a991004381935607536 996 $aEthica ordine geometrico demonstrata$917667 997 $aUNISALENTO